Normal view MARC view

Entry Término temático

Number of records used in: 16

001 - NÚMERO DE CONTROL

  • campo de control: 39823

003 - IDENTIFICADOR DE NÚMERO DE CONTROL

  • campo de control: OSt

005 - FECHA Y HORA DE LA ÚLTIMA TRANSACCIÓN

  • campo de control: 20250424124628.0

008 - ELEMENTOS DE DATO DE LONGITUD-FIJA

  • campo de control de longitud fija: 250424|| aca||babn | a|a d

040 ## - FUENTE DE CATALOGACIÓN

  • Centro catalogador/agencia de origen: OSt

150 ## - ENCABEZAMIENTO--TÉRMINO DE MATERIA

  • Término de materia o nombre geográfico como elemento de entrada: DIA INTERNACIONAL CONTRA LA LGTBIFOBIA

450 ## - TRAZADO DE VÉASE--TÉRMINO DE MATERIA

  • Término de materia o nombre geográfico como elemento de entrada: DIA INTERNACIONAL CONTRA LA LGTBFOBIA

450 ## - TRAZADO DE VÉASE--TÉRMINO DE MATERIA

  • Término de materia o nombre geográfico como elemento de entrada: DIA INTERNACIONAL CONTRA LA HOMOFOBIA, TRANSFOBIA Y LGTBFOBIA

450 ## - TRAZADO DE VÉASE--TÉRMINO DE MATERIA

  • Término de materia o nombre geográfico como elemento de entrada: DIA INTERNACIONAL CONTRA LA HOMOFOBIA, TRANSFOBIA Y BIFOBIA

450 ## - TRAZADO DE VÉASE--TÉRMINO DE MATERIA

  • Término de materia o nombre geográfico como elemento de entrada: 17 DE MAYO

Powered by Koha